[Event "Mahilong Birla Memorial 23 rd"]
[Site "Mahilong"]
[Date "2024.07.22"]
[Round "7"]
[White "Sinha, Vikash Kr"]
[Black "Das, Bhola Nath"]
[Result "0-1"]
[WhiteElo "2004"]
[BlackElo "1631"]
[PlyCount "94"]
[EventDate "2024.07.20"]
[EventType "swiss"]
[EventRounds "9"]
[EventCountry "IND"]
[SourceTitle "EXT 2025"]
[Source "ChessBase"]
[SourceDate "2024.10.14"]
[SourceVersion "1"]
[SourceVersionDate "2024.10.14"]
[SourceQuality "1"]

1. d4 d5 2. Nf3 Nf6 3. e3 e6 4. c4 Be7 5. Nc3 0-0 6. Bd3 a6 7. a3 dxc4 8. Bxc4 b5 9. Be2 c5 10. dxc5 Bxc5 11. 0-0 Bb7 12. b4 Be7 13. Bb2 Nc6 14. Qb3 Qb6 15. Rac1 Rfd8 16. Rfd1 h6 17. Bd3 Rd7 18. Ne4 Qd8 19. Nxf6+ Bxf6 20. Bxf6 gxf6 21. Bb1 Rc8 22. h3 Ne7 23. Rxc8 Qxc8 24. Rxd7 Qxd7 25. e4 Ng6 26. Qd3 Qc7 27. g3 Kg7 28. h4 Qc1+ 29. Kh2 Qb2 30. Bc2 h5 31. Kg1 e5 32. Ne1 Qc1 33. Qe3 Qa1 34. Kg2 Bc8 35. f3 Be6 36. Kf2 Qb2 37. Ke2 Nf8 38. Kd2 Bc4 39. Qc3 Qa2 40. Nd3 Bxd3 41. Qxd3 Ne6 42. f4 Nd4 43. fxe5 fxe5 44. Kd1 Nxc2 45. Qxc2 Qxa3 46. Qf2 Qd3+ 47. Qd2 Qxg3 0-1